Lead sheet manual volume 3 : lead sheet weatherings (Record no. 102071)
[ view plain ]
| 000 -LEADER | |
|---|---|
| fixed length control field | 00956cam a2200253 4500 |
| 001 - CONTROL NUMBER | |
| control field | J11492 |
| 008 - FIXED-LENGTH DATA ELEMENTS--GENERAL INFORMATION | |
| fixed length control field | 020308n1993 000 0 eng u |
| 035 ## - SYSTEM CONTROL NUMBER | |
| System control number | (Sirsi) u117965 |
| 041 ## - LANGUAGE CODE | |
| Language code of text/sound track or separate title | eng. |
| 050 ## - LIBRARY OF CONGRESS CALL NUMBER | |
| Classification number | 693.74 |
| 110 ## - MAIN ENTRY--CORPORATE NAME | |
| Corporate name or jurisdiction name as entry element | Lead Sheet Association |
| 9 (RLIN) | 4237 |
| 245 ## - TITLE STATEMENT | |
| Title | Lead sheet manual volume 3 : lead sheet weatherings |
| 260 ## - PUBLICATION, DISTRIBUTION, ETC. | |
| Place of publication, distribution, etc. | Pembury |
| Name of publisher, distributor, etc. | Lead Sheet Association |
| Date of publication, distribution, etc. | 1993 |
| 300 ## - PHYSICAL DESCRIPTION | |
| Extent | 64p. |
| Other physical details | ill. |
| Dimensions | 30cm. |
| 350 ## - PRICE (NR) (BK AM CF MU VM SE) [OBSOLETE] | |
| Price | 22.50 |
| 520 ## - SUMMARY, ETC. | |
| Summary, etc. | This third of three Lead Sheet Technical Manuals looks at the weathering of dormer windows, cornices and other projections, lead welding techniques, condensation and ventilation. Includes detailed drawings, charts, and illustrations. For details of volumes 1 and 2 see: J117063 and J11491. |
| 520 ## - SUMMARY, ETC. | |
| Summary, etc. | Superseded by L131140. |
| 650 ## - SUBJECT ADDED ENTRY--TOPICAL TERM | |
| Topical term or geographic name entry element | LEAD SHEETING |
| 650 ## - SUBJECT ADDED ENTRY--TOPICAL TERM | |
| Topical term or geographic name entry element | LEAD |
| 650 ## - SUBJECT ADDED ENTRY--TOPICAL TERM | |
| Topical term or geographic name entry element | LEAD SHEET ROOFS |
| 650 ## - SUBJECT ADDED ENTRY--TOPICAL TERM | |
| Topical term or geographic name entry element | WEATHERING |
| 690 ## - LOCAL SUBJECT ADDED ENTRY--TOPICAL TERM (OCLC, RLIN) | |
| Topical term or geographic name as entry element | BUILT ENVIRONMENT-BUILDING MATERIALS |
| 942 ## - ADDED ENTRY ELEMENTS (KOHA) | |
| Suppress in OPAC | 0 |
| Withdrawn status | Lost status | Source of classification or shelving scheme | Damaged status | Not for loan | Home library | Current library | Shelving location | Date acquired | Total Checkouts | Full call number | Barcode | Date last seen | Date last checked out | Copy number | Price effective from | Koha item type |
|---|---|---|---|---|---|---|---|---|---|---|---|---|---|---|---|---|
| Dewey Decimal Classification | London | London | Folio | 15/05/2002 | 22 | 693.74 LEA | 30065853 | 06/08/2019 | 07/09/2009 | 1 | 06/08/2019 | Book |